| 000 | 00796cam a22002771 4500 | ||
|---|---|---|---|
| 001 | 10285 | ||
| 003 | BD-RjUL | ||
| 005 | 20211208234928.0 | ||
| 008 | 140142s1962 enka b 001 0 eng | ||
| 035 | _a(BD-RjUL)10333 | ||
| 035 | _a(OCoLC)1513093 | ||
| 040 |
_aDLC _cFMU _dBD-RjUL _beng |
||
| 041 | _aeng | ||
| 082 |
_a541.372 _bREI 1962 |
||
| 100 | 1 |
_aReed, Rowland Ivor. _931774 |
|
| 245 | 1 | 0 |
_aIon production by electron impact / _cR. I. Reed |
| 260 |
_aNew York ; London : _bAcademic Press, _cc1962. |
||
| 300 |
_axii, 242 p. : _billus. ; _c23 cm. |
||
| 504 | _aIncludes bibliography and index. | ||
| 650 | 0 |
_aIonization. _931775 |
|
| 650 | 0 |
_aMolecular dynamics. _930175 |
|
| 650 | 0 |
_aMass spectrometry. _931258 |
|
| 942 |
_2ddc _cBK |
||
| 999 |
_c10285 _d10285 |
||